Central Library OPAC University of Rajshahi

Education in England : (Record no. 43845)

MARC details
000 -LEADER
fixed length control field 00667nam a2200205 a 4500
001 - CONTROL NUMBER
control field 43845
003 - CONTROL NUMBER IDENTIFIER
rucl marc code BD-RjUL
005 - DATE AND TIME OF LATEST TRANSACTION
control field 20211209053748.0
008 - FIXED-LENGTH DATA ELEMENTS--GENERAL INFORMATION
fixed length control field 160628s1954 enk 000 0 eng u
035 ## - SYSTEM CONTROL NUMBER
System control number (BD-RjUL)43963
040 ## - CATALOGING SOURCE
Original cataloging agency TLM
Modifying agency UKM
-- EQO
-- BD-RjUL
Language of cataloging eng
Transcribing agency BD-RjUL
041 ## - LANGUAGE CODE
Language code of text/sound track or separate title eng
082 ## - DEWEY DECIMAL CLASSIFICATION NUMBER
Edition number 23
Classification number 370.942
Author mark and year ALE 1965
100 10 - MAIN ENTRY--PERSONAL NAME
Personal name Alexander, William Picken,
9 (RLIN) 133222
245 10 - TITLE STATEMENT
Title Education in England :
Remainder of title the national system, how it works /
Statement of responsibility, etc. by William Picken Alexander
260 ## - PUBLICATION, DISTRIBUTION, ETC. (IMPRINT)
Place of publication, distribution, etc. London :
Name of publisher, distributor, etc. Newnes Educational Pub. Co,
Date of publication, distribution, etc. c1964 [Reprinted 1965]
300 ## - PHYSICAL DESCRIPTION
Pagination xi, 163 p. ;
Size 23 cm.
650 #0 - SUBJECT ADDED ENTRY--TOPICAL TERM
Topical term or geographic name as entry element Education
Geographic subdivision Great Britain
9 (RLIN) 134750
942 ## - ADDED ENTRY ELEMENTS (KOHA)
Source of classification or shelving scheme Dewey Decimal Classification
Koha item type Books
Holdings
Lost status Source of classification or shelving scheme Damaged status Not for loan Collection code Permanent Location Current Location Shelving location Date acquired Source of acquisition Cost, normal purchase price Total Checkouts Full call number Date last seen Copy number Koha item type
  Dewey Decimal Classification     Non-fiction Central Library, University of Rajshahi Central Library, University of Rajshahi   11/10/1967 P. A. commercial 18.00   370.942 ALE 1965 28/06/2016 C-2 Books